[Event "IND-ch U13 33rd"]
[Site "Visakhapatnam"]
[Date "2019.05.05"]
[Round "3"]
[White "Parth, Kuntal Raval"]
[Black "Shreyash, Shuvam Patnaik"]
[Result "1-0"]
[WhiteElo "1532"]
[BlackElo "1868"]
[PlyCount "47"]
[EventDate "2019.05.04"]
[EventType "swiss"]
[EventRounds "11"]
[EventCountry "IND"]
[SourceTitle "CBM 190 Extra"]
[Source "ChessBase"]
[SourceDate "2019.07.15"]
[SourceVersion "1"]
[SourceVersionDate "2019.07.15"]
[SourceQuality "1"]

1. e4 e5 2. Bc4 Nc6 3. Nc3 Nf6 4. d3 Bc5 5. f4 d6 6. Nf3 Ng4 7. f5 Nf2 8. Qe2 Nxh1 9. Ng5 Rf8 10. Qh5 d5 11. Bxd5 Qe7 12. Nxh7 Bf2+ 13. Kf1 Rh8 14. Nf6+ Qxf6 15. Qxh8+ Ke7 16. Qh5 g6 17. Qh6 Bh4 18. Kg1 Nf2 19. Be3 Ng4 20. Bc5+ Kd7 21. Qf8 gxf5 22. Bxf7 Qd8 23. Be6+ Kxe6 24. Qxf5# 1-0